header

The spiritual dimension of childhood (Record no. 35888)

MARC details
000 -LEADER
fixed length control field 01155nam a2200301Ia 4500
100 1# - MAIN ENTRY--AUTHOR NAME
Personal name Adams, Kate.
245 14 - TITLE STATEMENT
Title The spiritual dimension of childhood
260 ## - PUBLICATION, DISTRIBUTION, ETC. (IMPRINT)
Place of publication Philadephia :
Name of publisher Jessica Kingsley Publishers,
Year of publication 2008.
300 ## - PHYSICAL DESCRIPTION
Number of Pages 160 p.
650 #0 - SUBJECT ADDED ENTRY--TOPICAL TERM
Topical Term Children
Topical Term Spirituality.
700 1# - ADDED ENTRY--PERSONAL NAME
Personal name Hyde, Brendan.
856 40 - ELECTRONIC LOCATION AND ACCESS
Uniform Resource Identifier http://site.ebrary.com/lib/rucke/Doc?id=10251486

No items available.

© 2026 Rongo University
Contact us: librarian | system librarian | Rongo university